[Event "Sochi IPCA op"]
[Site "Sochi"]
[Date "2022.10.06"]
[Round "5"]
[White "Sestov, Artemiy"]
[Black "Pautov, Artem"]
[Result "1-0"]
[WhiteElo "1200"]
[BlackElo "1318"]
[PlyCount "106"]
[EventDate "2022.10.03"]
[EventType "swiss"]
[EventRounds "7"]
[EventCountry "RUS"]
[SourceTitle "CBM 210 Extra"]
[Source "ChessBase"]
[SourceDate "2022.11.30"]
[SourceVersion "1"]
[SourceVersionDate "2022.11.30"]
[SourceQuality "1"]

1. e4 e5 2. Nf3 Nc6 3. Bc4 Bc5 4. c3 Qf6 5. d3 Nge7 6. Be3 Bb6 7. 0-0 d6 8. Bb3 0-0 9. Nfd2 Qg6 10. Nc4 Bh3 11. Qf3 Bg4 12. Qg3 Be2 13. Qxg6 Nxg6 14. Nxb6 axb6 15. Re1 Bxd3 16. Nd2 Na5 17. Bd1 Nc4 18. Nxc4 Bxc4 19. a3 f5 20. Bc2 f4 21. Bd2 Rad8 22. Rad1 Be6 23. f3 Rf6 24. Re2 Bc4 25. Ree1 d5 26. b3 Bb5 27. exd5 Rxd5 28. c4 Rc5 29. Bb4 Rcc6 30. Be4 Ba6 31. Rd8+ Kf7 32. Bd5+ Rfe6 33. Rd7+ Kf6 34. Bxe6 Rxe6 35. Rxc7 Re8 36. Rd1 Re6 37. Rdd7 e4 38. Rf7+ Kg5 39. Rxg7 exf3 40. gxf3 Re3 41. Kf2 Kf6 42. Rxh7 Rxb3 43. h4 Rb2+ 44. Ke1 Ne5 45. Bc3 Rc2 46. Rhf7+ Kg6 47. Rg7+ Kh6 48. Rh7+ Kg6 49. Rcg7+ Kf6 50. Bxe5+ Kxe5 51. Re7+ Kd6 52. Rd7+ Kc6 53. Rhe7 Rb2 1-0